Derecho internacional, acuerdo humanitario y resolucin̤ pacf̕ica del secuestro

Detalles Bibliográficos
Autor principal: Heyck Puyana, Ana Caterina
Formato: Libro
Lenguaje:español
Publicado: Bogot ̀D.C. : Universidad del Rosario, 2011.
Edición:1. ed.
Colección:Coleccin̤ Textos de jurisprudencia 504
Materias:
Acceso en línea:Acceso restringido

MARC

LEADER 00000cam a2200000 a 4500
005 20120104145956.0
007 cr|||| ||||
008 110616s2011 ck b 000 0 spa
020 |a 9789587381771 
035 |a 6122 
040 |a DLC  |c DLC  |d DLC  |d vLex 
043 |a s-ck--- 
090 |c 2886  |d 2886 
100 1 |a Heyck Puyana, Ana Caterina. 
245 1 0 |a Derecho internacional, acuerdo humanitario y resolucin̤ pacf̕ica del secuestro  |h [Recurso electrn̤ico] /  |c Caterina Heyck Puyana. 
250 |a 1. ed. 
256 |a Servicio en ln̕ea 
260 |a Bogot ̀D.C. :  |b Universidad del Rosario,  |c 2011. 
300 |a 1 recurso electrn̤ico 
490 0 |a Coleccin̤ Textos de jurisprudencia  |v 504 
504 |a Incluye referencias bibliogrf̀icas (p. 457-482). 
506 1 |a Contenido solo disponible en los productos indicados  |d vLex Global   |d vLex Global (Academic Edition, excluding Law Schools)   |d vLex Global (U.S. Academic Edition, Law Schools)   |d vLex Global (U.S. Academic Edition, excluding Law Schools)   |d vLex Global (Academic Edition, Law Schools)  
650 0 4 |a Secuestro 
650 0 4 |a Derecho penal 
650 0 4 |a Operaciones de bs︢queda y salvamento 
740 0 |a vLex Libros (Servicio en ln̕ea) 
856 4 0 |u http://vlex.com/source/derecho-internacional-acuerdo-humanitario-resolucion-pacifica-6122  |z Acceso restringido 
942 |c BOOK 
999 0 |a Political kidnapping  |b Colombia 
999 0 |a Hostages  |b Colombia 
999 0 |a Search and rescue operations  |b Colombia 
999 0 |a Human rights  |b Colombia